| 000 | 00647nam a2200193 i 4500 | ||
|---|---|---|---|
| 001 | 44687 | ||
| 003 | ES-MaACL | ||
| 005 | 20230906161058.0 | ||
| 007 | t| | ||
| 008 | 030324s1970 sp ||||1| spa d | ||
| 245 | 0 | 3 |
_aLos 50 últimos días de Patricio Lumumba / _ctraductor, Gregorio San Juan, portada, Anbaiz, fotos, Cifra. |
| 260 |
_aMadrid : _bIbérico Europea de Ediciones, _c[1970] |
||
| 300 |
_a174 p., 1 map., 3 lám. ; _c22 cm. |
||
| 700 | 1 |
_aSan Juan, Gregorio. _9102248 |
|
| 700 | 1 |
_aAnbaiz. _921389 |
|
| 700 | 1 |
_aCifra. _938799 |
|
| 740 | 4 | _aLos cincuenta últimos días de Patricio Lumumba. | |
| 852 |
_aES-MaACL _jC-44603 _bR.73284 |
||
| 999 |
_c44687 _d44687 |
||